000 01897nam a2200265Ia 4500
999 _c50906
_d50906
001 17861
003 GE_BSU
005 20200226152009.0
008 181216s2015 xx |||||||||||||| ||geo||
040 _cGE_BSU
041 _ageo
080 _a341.1+2 გ-12
245 _aგაეროს, ევროსაბჭოს, ეუთოს, ვენეციის კომისიისა და ოსლოს კოალიციის დოკუმენტები რელიგიის თავისუფლების შესახებ. წიგნი II : /
_cრედ. ზაზა ვაშაყმაძე ; მთარგმნ. ტ.დავითაშვილი ; ა.გორხელაშვილი ; დ. დავითაშვილი.
264 _aთბილისი :
_bრელიგიის საკითხთა სახელმწიფო სააგენტო,
_c2015.
300 _a214 გვ. :
_c25 სმ.
653 _aგაეროს, ევროსაბჭოს,ეუთოს, ვენეციის კომისიისა და ოსლოს კოალიციის დოკუმენტები რელიგიის თავისუფლების შესახებ
653 _aრელიგია
653 _aრელიგიის საკითხთა სახელმწიფო სააგენტო
653 _aსამართალი
700 _aვაშაყმაძე, ზაზა
_eრედაქტორი
_958
700 _aდავითაშვილი, ტ.
_eმთარგმნელი
_97503
700 _aგორხელაშვილი, ა
_eმთარგმნელი
_97504
700 _aდავითაშვილი, დ
_eმთარგმნელი
_97505
942 _cBK
_2udc